Fr. Conceicao Rodrigues College of Engineering

Peace and Value education (Record no. 28643)

MARC details
000 -LEADER
fixed length control field 00279nam a2200133Ia 4500
100 ## - MAIN ENTRY--PERSONAL NAME
Personal name Joseph/K.P
245 ## - TITLE STATEMENT
Title Peace and Value education
260 ## - PUBLICATION, DISTRIBUTION, ETC.
Name of publisher, distributor, etc. Dharma Bharathi Ashram
Date of publication, distribution, etc. 2003
300 ## - PHYSICAL DESCRIPTION
Extent 273
546 ## - LANGUAGE NOTE
Language note ENGLISH
650 ## - SUBJECT ADDED ENTRY--TOPICAL TERM
Topical term or geographic name entry element General
654 ## - SUBJECT ADDED ENTRY--FACETED TOPICAL TERMS
Focus term peace
942 ## - ADDED ENTRY ELEMENTS (KOHA)
Koha item type BOOK
Holdings
Withdrawn status Lost status Damaged status Not for loan Collection Home library Current library Date acquired Total Checkouts Full call number Barcode Date last seen Price effective from Koha item type
        CRC Fr. Agnel's C.Rodrigues College of Engineering Fr. Agnel's C.Rodrigues College of Engineering 17/03/2023   14358 17/03/2023 17/03/2023 BOOK
        CRC Fr. Agnel's C.Rodrigues College of Engineering Fr. Agnel's C.Rodrigues College of Engineering 17/03/2023   14359 17/03/2023 17/03/2023 BOOK